| 000 | 00405nam a22001577a 4500 | ||
|---|---|---|---|
| 003 | OSt | ||
| 005 | 20140311162955.0 | ||
| 008 | 130313t xxu||||| |||| 00| 0 eng d | ||
| 020 | _a0590479253 | ||
| 050 |
_aPZ 7 _b.B7633Clvf 1994 |
||
| 245 |
_aClifford's big book of stories _cBridwell, Norman |
||
| 260 |
_aNew York _bScholastic _c1994 |
||
| 300 |
_a 62 p. _c25 cm |
||
| 942 |
_2lcc _cBK-GS |
||
| 999 |
_c39026 _d39026 |
||